Thinking, fast and slow (Record no. 195295)

MARC details
000 -LEADER
fixed length control field 00395nam a2200157Ia 4500
005 - DATE AND TIME OF LATEST TRANSACTION
control field 20250528094727.0
008 - FIXED-LENGTH DATA ELEMENTS--GENERAL INFORMATION
fixed length control field 231217s9999 xx 000 0 und d
020 ## - INTERNATIONAL STANDARD BOOK NUMBER
International Standard Book Number 9781846146060
082 ## - DEWEY DECIMAL CLASSIFICATION NUMBER
Classification number 153.42 KAH;1
100 ## - MAIN ENTRY--PERSONAL NAME
Personal name Kahneman, Daniel.
245 #0 - TITLE STATEMENT
Title Thinking, fast and slow
260 ## - PUBLICATION, DISTRIBUTION, ETC. (IMPRINT)
Date of publication, distribution, etc. 2011
Name of publisher, distributor, etc. Denguin Group
Place of publication, distribution, etc. London
300 ## - PHYSICAL DESCRIPTION
Extent 499 p.
650 ## - SUBJECT ADDED ENTRY--TOPICAL TERM
Topical term or geographic name as entry element Thinking,,fast,slow
942 ## - ADDED ENTRY ELEMENTS (KOHA)
Koha item type Books
Holdings
Date last seen Total Checkouts Total Renewals Full call number Accession number Old discount Date checked out Cost, replacement price Price effective from Category Lost status Damaged status Department Withdrawn status bill no. bill date Permanent Location Current Location Shelving location Entry date Vendor Cost, normal purchase price Grants Currency symbol Conversion rate Discount Discount type
23/06/2026 3 1 153.42 KAH;1 86317 25 09/06/2026 449.25 26/01/2024 Books     MBA   73289 17/03/2021 Central Library RFID Kiosk MBA 18/06/2013 Book Paradise 599.00 MBA RS 1 149.75 Rupees

© For any Suggestions or Query, please contact the library staff @ librarian@pes.edu or Phone: +9180 2672 1983/ 2108.